Economic tables for eletrical engineers/ (Record no. 545367)

000 -LEADER
fixed length control field 00432nam a22001457a 4500
082 ## - DEWEY DECIMAL CLASSIFICATION NUMBER
Classification number 621.30212
Author Mark BOL
-- L-9, P-8
100 ## - MAIN ENTRY--PERSONAL NAME
Personal name BOLTON, D.J.
9 (RLIN) 41196
245 ## - TITLE STATEMENT
Title Economic tables for eletrical engineers/
Remainder of title D.J.BOLTON, .
260 ## - PUBLICATION, DISTRIBUTION, ETC.
Place of publication, distribution, etc. London:
Name of publisher, distributor, etc. Chapman & Hall Ltd.
Date of publication, distribution, etc. 1933.
300 ## - PHYSICAL DESCRIPTION
Extent p19.
Other physical details ill.
526 ## - STUDY PROGRAM INFORMATION NOTE
Program name 0
Interest level 0
Reading level 0
Title point value 621_302120000000000_BOL
526 ## - STUDY PROGRAM INFORMATION NOTE
Program name 0
Interest level 0
Reading level 0
Title point value 621_302120000000000_BOL
650 ## - SUBJECT ADDED ENTRY--TOPICAL TERM
Topical term or geographic name entry element MCE
9 (RLIN) 379
942 ## - ADDED ENTRY ELEMENTS (KOHA)
Source of classification or shelving scheme
Koha item type Book
Holdings
Withdrawn status Lost status Source of classification or shelving scheme Damaged status Not for loan Permanent Location Current Location Date acquired Total Checkouts Full call number Barcode Date last seen Price effective from Koha item type
          Military College of Engineering (MCE) Military College of Engineering (MCE) 05/21/2014   621.30212 BOL MCE-30649 05/21/2014 05/21/2014 Book
          Military College of Engineering (MCE) Military College of Engineering (MCE) 05/21/2014   621.30212 BOL MCE-30317 05/21/2014 05/21/2014 Book
© 2023 Central Library, National University of Sciences and Technology. All Rights Reserved.